00610nam a2200205Ia 450000500170000000800410001702000150005808200220007310000200009524500400011526000580015530000120021365000160022565000150024165000170025665000120027394200060028595200980029199900150038920250224035226.0240331s9999 xx 000 0 und d a9559194046 bPUS23315a954.93 aPushparatnam, P 0aPunakary:bAn Archaeological Survey aThirunelvelybUniversity of Jaffna Publicationsc1993 a214 p., aArchaeology aOccupation aAnthropology aHistory cL 001040708LaWERCLbWERCLcSSCd2024-03-31l0o 954.93 PUSp3315r2024-03-31w2024-03-31yL c4247d4247